Numerical probability : (Record no. 29820)

MARC details
000 -LEADER
fixed length control field 01559aam a22003011i 4500
001 - CONTROL NUMBER
control field 019170933
003 - CONTROL NUMBER IDENTIFIER
control field EG-ScBUE
005 - DATE AND TIME OF LATEST TRANSACTION
control field 20220302122850.0
008 - FIXED-LENGTH DATA ELEMENTS--GENERAL INFORMATION
fixed length control field 180806s2018 sz f 000 0 eng d
020 ## - INTERNATIONAL STANDARD BOOK NUMBER
Cancelled/invalid ISBN 9783319902746
040 ## - CATALOGING SOURCE
Original cataloging agency YDX
Language of cataloging eng
Description conventions rda
Transcribing agency YDX
Modifying agency GW5XE
-- UAB
-- STF
-- OCLCF
-- FIE
-- U3W
-- UPM
-- VT2
-- OH1
-- AU@
-- LVT
-- OCLCQ
-- Uk
-- EG-ScBUE
082 04 - DEWEY DECIMAL CLASSIFICATION NUMBER
Classification number 519.2
Edition number 22
Item number PAG
100 1# - MAIN ENTRY--PERSONAL NAME
Personal name Pagès, Gilles,
Relator term author.
245 10 - TITLE STATEMENT
Title Numerical probability :
Remainder of title an introduction with applications to finance /
Statement of responsibility, etc Gilles Pagès.
264 #1 - PUBLICATION, DISTRIBUTION, ETC. (IMPRINT)
Place of publication, distribution, etc Cham, Switzerland :
Name of publisher, distributor, etc Springer,
Date of publication, distribution, etc 2018.
300 ## - PHYSICAL DESCRIPTION
Extent xxi, 579 pages :
Type of unit illustrations ;
Dimensions 24 cm.
336 ## - CONTENT TYPE
Content type term text
Source rdacontent
Content type code txt
337 ## - MEDIA TYPE
Media type term computer
Source rdamedia
Media type code n
338 ## - CARRIER TYPE
Carrier type term online resource
Source rdacarrier
Carrier type code nc
490 1# - SERIES STATEMENT
Series statement Universitext
505 0# - FORMATTED CONTENTS NOTE
Formatted contents note 1 Simulation of random variables -- 2 The Monte Carlo method and applications to option pricing -- 3 Variance reduction -- 4 The Quasi-Monte Carlo method -- 5 Optimal Quantization methods I: cubatures -- 6 Stochastic approximation with applications to finance -- 7 Discretization scheme(s) of a Brownian diffusion -- 8 The diffusion bridge method: application to path-dependent options (II) -- 9 Biased Monte Carlo simulation, Multilevel paradigm -- 10 Back to sensitivity computation -- 11 Optimal stopping, Multi-asset American/Bermuda Options -- 12 Miscellany.
650 #7 - SUBJECT ADDED ENTRY--TOPICAL TERM
Topical term or geographic name as entry element Mathematics.
Source of heading or term BUEsh
650 #7 - SUBJECT ADDED ENTRY--TOPICAL TERM
Topical term or geographic name as entry element Probabilities.
Source of heading or term BUEsh
653 ## - INDEX TERM--UNCONTROLLED
Resource For college Generalities
Arrived date list February2022
655 #4 - INDEX TERM--GENRE/FORM
Genre/form data or focus term Electronic books.
Form subdivision Reading book
942 ## - ADDED ENTRY ELEMENTS (KOHA)
Source of classification or shelving scheme Dewey Decimal Classification
Koha item type Book - Borrowing
Holdings
Withdrawn status Lost status Source of classification or shelving scheme Damaged status Not for loan Collection code Home library Current library Shelving location Date acquired Source of acquisition Cost, normal purchase price Serial Enumeration / chronology Total Checkouts Full call number Barcode Date last seen Cost, replacement price Price effective from Koha item type
    Dewey Decimal Classification     Alahram Central Library Central Library First floor 02/03/2022 Purchase 899.00 281   519.2 PAG 000056179 15/07/2025 1123.75 02/03/2022 Book - Borrowing